Τεχνολογία προστασίας περιβάλλοντος

Αποθηκεύτηκε σε:
Λεπτομέρειες βιβλιογραφικής εγγραφής
Άλλοι συγγραφείς: Dietrich, Thomas, 1960-, Παπαφράγκου, Πολυάννα (trlf), Φιλιός, Ανδρόνικος (Επιμελητής έκδοσης), Χατήρης, Γιάννης (Επιμελητής έκδοσης)
Μορφή: Βιβλίο
Γλώσσα:Greek
English
Δημοσίευση: Αθήνα : Ιων, 2003.
Σειρά:Βιβλιοθήκη του μηχανολόγου
Θέματα:
Ετικέτες: Προσθήκη ετικέτας
Δεν υπάρχουν, Καταχωρήστε ετικέτα πρώτοι!

MARC

LEADER 00000cam a2200000 i 4500
001 1/71800
008 050218s2003 gr | ||| |||| ||gre||
020 |a 9603312584 
035 |l 10076635 
040 |a GR-MyUA  |b gre  |e AACR2 
041 1 |a gre  |h eng 
082 0 |a 363.7  |2 (22) 
245 1 0 |a Τεχνολογία προστασίας περιβάλλοντος /   |c Thomas Dietrich ... [κ. ά.] ; μετάφραση Πολυάννα Παπαφράγκου ; επιμέλεια ελληνικής έκδοσης Ανδρόνικος Φιλιός, Ιωάννης Χατήρης.  
260 |a Αθήνα :   |b Ιων,   |c 2003.  
300 |a 338 σ. :   |b εικ. ;   |c 29 εκ.  
490 1 |a (Βιβλιοθήκη του μηχανολόγου)  
500 |a Το βιβλίο κυκλοφορεί ως επίτομο με τίτλο "Τεχνολογία προστασίας περιβάλλοντος" καθώς και σε δύο ανεξάρτητους τόμους με τίτλους: "Περιβαλλοντική χημεία", "Έλεγχος ρύπνασης και διαχείριση αποβλήτων"  
500 |a Τίτλος πρωτοτύπου: Umwelttechnik fur schule und beruf.  
504 |a Περιλαμβάνει βιβλιογραφία και ευρετήριο.  
650 0 0 |a Environmental sciences. 
650 0 0 |a Techology  |x Environmental aspects. 
650 0 0 |a Environmental law. 
650 0 0 |a Environmental protection. 
650 0 0 |a Environmental policy. 
700 1 |a Dietrich, Thomas,   |d 1960- 
700 1 |a Παπαφράγκου, Πολυάννα,  |e trlf 
700 1 |a Φιλιός, Ανδρόνικος,  |e edt 
700 1 |a Χατήρης, Γιάννης,  |e edt 
830 0 |a Βιβλιοθήκη του μηχανολόγου 
852 |a INST  |b CHIOS  |e 20050218  |h 363.7 ΤΕΧ  |p 005200022547  |q 005200022547  |t BK  |y 0 
852 |a INST  |b CHIOS  |e 20050218  |h 363.7 ΤΕΧ  |p 005200022548  |q 005200022548  |t BK  |y 0 
852 |a INST  |b CHIOS  |e 20050218  |h 363.7 ΤΕΧ  |p 005200022549  |q 005200022549  |t BK  |y 0 
852 |a INST  |b CHIOS  |e 20050218  |h 363.7 ΤΕΧ  |p 005200022550  |q 005200022550  |t BK  |y 0 
852 |a INST  |b CHIOS  |e 20050218  |h 363.7 ΤΕΧ  |p 005200022551  |q 005200022551  |t BK  |y 0 
852 |a INST  |b CHIOS  |e 20070830  |h 363.7 ΤΕΧ  |p 005200025974  |q 005200025974  |t BK  |y 0 
852 |a INST  |b CHIOS  |e 20070829  |h 363.7 ΤΕΧ  |p 005200025975  |q 005200025975  |t BK  |y 0 
852 |a INST  |b LESVOS  |e 20050511  |h 363.7 ΤΕΧ  |p 005100027751  |q 005100027751  |t BK  |y 0 
852 |a INST  |b LESVOS  |e 20051013  |h 363.7 ΤΕΧ  |p 005100032802  |q 005100032802  |t BK  |y 0 
852 |a INST  |b LESVOS  |e 20140513  |h 363.7 ΤΕΧ  |p 005100054174  |q 005100054174  |t BK  |y 0 
852 |a INST  |b LESVOS  |e 20141118  |h 363.7 ΤΕΧ  |p 005100055355  |q 005100055355  |t BK  |y 0 
852 |a INST  |b RHODES  |e 20131213  |h 363.7 ΤΕΧ  |p 005400035897  |q 005400035897  |t BK  |y 0 
901 |a BIBL2-2005-1 
901 |a BIBL1-2005-2 
901 |a BIBL1-2005-3 
901 |a BIBL4-2013-3 
901 |a BIBL1-2014-2 
901 |a BIBL1-2014-3 
909 |a Χ  |b 112397 
909 |a Χ  |b 112398 
909 |a Χ  |b 112396 
909 |a X  |b 112395 
909 |a X  |b 112394 
909 |a Λ  |b 121719 
909 |a Λ  |b 123946 
909 |a Χ  |b 136417 
909 |a Χ  |b 136416 
909 |a Ρ  |b 182405 
909 |a Λ  |b 188962 
909 |a Λ  |b 191102 
920 |a ΔΙΕΥΡΥΝΣΗ  |b ΕΠΕΑΕΚ-ΤΜΟΔ  |y Χίος  |z 2004-12 
922 |a 2ΕΛΗ  |b 200707  |c ΕΠΕΑΕΚ2/ΤΜΟΔ  |d ΠΑΤΑΚΗΣ 
970 |a ΣΑΛΑΜΟΥΡΑ  |b ΜΑΡΙΑ  |z 2005/02/18